Greatest Rappers of All Time - Statistics

General Stats
  • This quiz has been taken 11,944 times
  • The average score is 7 of 25
Answer Stats
# Song Rapper % Correct
5 Stan Eminem
91%
3 Big Poppa The Notorious B.I.G.
91%
2 99 Problems Jay-Z
87%
4 How Do U Want It Tupac
79%
1 N.Y. State of Mind Nas
71%
11 Gangsta Gangsta Ice Cube
54%
13 Mama Said Knock You Out LL Cool J
38%
6 When I B on tha Mic Rakim
29%
23 Ms. Fat Booty Mos Def
21%
9 Sound of Da Police KRS-One
19%
21 Children's Story Slick Rick
19%
10 Ghetto Musick André 3000
18%
25 I'm Not a Player Big Pun
18%
22 Touch It Busta Rhymes
13%
19 6 in the Mornin' Ice-T
13%
8 Ain't No Half Steppin' Big Daddy Kane
12%
7 All That I Got Is You Ghostface Killah
11%
24 Cold World GZA
9%
18 Whateva Man Redman
9%
14 The Corner Common
8%
16 I Seen a Man Die Scarface
8%
15 Bring the Noise Chuck D
6%
17 You Got Me Black Thought
5%
12 Fast Life Kool G Rap
4%
20 Wild Wild West Kool Moe Dee
3%
No matching quizzes found
Score Distribution
Percent of People with Each Score
Percentile by Number Answered
Your Score History
You have not taken this quiz